Self-vulcanizable rubber blend system based on neoprene and carboxylated nitrile rubber (Record no. 68595)

MARC details
000 -LEADER
fixed length control field 00429nam a2200145Ia 4500
100 ## - MAIN ENTRY--AUTHOR NAME
Personal name Mukhopadhyay S
245 #0 - TITLE STATEMENT
Title Self-vulcanizable rubber blend system based on neoprene and carboxylated nitrile rubber
260 ## - PUBLICATION, DISTRIBUTION, ETC. (IMPRINT)
Name of publisher Journal of Applied Polymer Science
Year of publication 1992
300 ## - PHYSICAL DESCRIPTION
Number of Pages 181-185
650 ## - SUBJECT ADDED ENTRY--TOPICAL TERM
Topical Term Rubber blend system
650 ## - SUBJECT ADDED ENTRY--TOPICAL TERM
Topical Term XNBR Blend
700 ## - ADDED ENTRY--PERSONAL NAME
Personal name De S K
942 ## - ADDED ENTRY ELEMENTS (KOHA)
Koha item type Journals
Holdings
Withdrawn status Lost status Damaged status Not for loan Home library Current library Date acquired Serial Enumeration / chronology Koha item type
      Journals RRII Library RRII Library 17/12/2021 Volume 45, Issue 1 Journals